LEADER 00997nam--2200361---450- 001 990002766510203316 005 20060623142624.0 010 $a88-16-60046-2 035 $a000276651 035 $aUSA01000276651 035 $a(ALEPH)000276651USA01 035 $a000276651 100 $a20060623d1985----km-y0itay50------ba 101 $aita 102 $aIT 105 $aa---||||001yy 200 1 $aCatalogo ragionato della pittura etrusca$fa cura di Stephan Steingraber 210 $aMilano$cJaca Book$d1985 215 $a399 p.$cin gran parte ill.$d35 cm 410 0$12001 454 1$12001 461 1$1001-------$12001 606 0 $aPittura etrusca$xCataloghi 676 $a759.01 702 1$aSTEINGRABER,$bStephan 801 0$aIT$bsalbc$gISBD 912 $a990002766510203316 951 $aI P STE 1$b1695 DBC$cI P 959 $aBK 969 $aDBC 979 $aDBC$b90$c20060623$lUSA01$h1426 996 $aCatalogo ragionato della pittura etrusca$9282627 997 $aUNISA LEADER 01729nam0 22004093i 450 001 VAN0249686 005 20230531105521.860 017 70$2N$a9783030377403 100 $a20220907d2020 |0itac50 ba 101 $aeng 102 $aCH 105 $a|||| ||||| 200 1 $aQuantitative Portfolio Management$ewith Applications in Python$fPierre Brugière 210 $aCham$cSpringer$d2020 215 $axii, 205 p.$cill.$d24 cm 410 1$1001VAN0124303$12001 $aSpringer Texts in Business and Economics$1210 $aBerlin [etc.]$cSpringer 500 1$3VAN0249688$aQuantitative Portfolio Management$92135435 606 $a91G70$xStatistical methods; risk measures [MSC 2020]$3VANC030929$2MF 606 $a91G10$xPortfolio theory [MSC 2020]$3VANC031365$2MF 610 $aAPT models$9KW:K 610 $aFactor models$9KW:K 610 $aMarkowitz theory$9KW:K 610 $aPrincipal component analysis$9KW:K 610 $aPython code$9KW:K 610 $aQuantitative Finance$9KW:K 610 $aRisk measures$9KW:K 620 $aCH$dCham$3VANL001889 700 1$aBrugière$bPierre$3VANV204181$0236379 712 $aSpringer $3VANV108073$4650 801 $aIT$bSOL$c20240614$gRICA 856 4 $uhttp://doi.org/10.1007/978-3-030-37740-3$zE-book ? Accesso al full-text attraverso riconoscimento IP di Ateneo, proxy e/o Shibboleth 899 $aBIBLIOTECA DEL DIPARTIMENTO DI MATEMATICA E FISICA$1IT-CE0120$2VAN08 912 $fN 912 $aVAN0249686 950 $aBIBLIOTECA DEL DIPARTIMENTO DI MATEMATICA E FISICA$d08CONS e-book 4813 $e08eMF4813 20220907 996 $aQuantitative Portfolio Management$92135435 997 $aUNICAMPANIA